| 000 | 01229nam a2200217Ia 4500 | ||
|---|---|---|---|
| 003 | Ost | ||
| 005 | 20260507075646.0 | ||
| 008 | 260507s9999||||xx |||||||||||||| ||und|| | ||
| 040 | _cfsecg | ||
| 041 | _aara | ||
| 082 | _a338 | ||
| 100 |
_aالسماك، محمد أزهر سعيد _eمؤلف |
||
| 245 | 0 |
_aإقتصاديات المواقع الصناعية وتقييم المشروعات ودراسة الجدوى / _c محمد أزهر سعيد السماك |
|
| 260 |
_aعمان: _bدار زهران للنشر والتوزيع, _c1998 |
||
| 300 |
_a395 صفحة؛ _bإيضاحات ؛ _c24 سم |
||
| 520 | _aالإطار النظري لدراسة مقومات الموقع الصناعي- تطبيقات في التحليل الإقتصادي المكاني للمقومات الموقع الصناعي لصناعات مختارة- المواقع الصناعية- التوزيع الصناعي- تقييم المشروعات الصناعية- دراسات الجدوى للمشروعات الصناعية- قياس كفاءة الأداء في المشروعات. | ||
| 653 | _aإقتصاديات الصناعة | ||
| 653 | _aتقييم المشروعات | ||
| 653 | _aدراسة الجدوى | ||
| 942 | _cكتاب | ||
| 999 |
_c45497 _d45497 |
||